| 000 | 00000nam 2200000zi 4500 |
| 001 | 9.945486 |
| 003 | CaOODSP |
| 005 | 20250324131000 |
| 006 | m o d f |
| 007 | cr mn||||||||| |
| 008 | 241122e19900328onc ob f000 0 fre d |
| 040 | |aCaOODSP|bfre|erda|cCaOODSP |
| 043 | |an-cn--- |
| 086 | 1 |aCo22-700/2-1991F-PDF |
| 100 | 1 |aTownsend, David, |eauteur. |
| 245 | 14|aLes normes radioeléctriques obligatoires au Canada : |bphase II / |cprincipaux enquêteurs : David Townsend, J.J. O'Shaughnessy. |
| 264 | 1|a[Ottawa] : |b[Ministère des Communications], |cle 28 mars, 1991. |
| 300 | |a1 ressource en ligne (xi, 206 pages, annexe 43) |
| 336 | |atexte|btxt|2rdacontent/fre |
| 337 | |ainformatique|bc|2rdamedia/fre |
| 338 | |aressource en ligne|bcr|2rdacarrier/fre |
| 500 | |aÉdition numérisée de l'imprimé [par Innovation, sciences et développement économique Canada]. |
| 500 | |aPublié aussi en anglais sous le titre : Mandatory radio standards in Canada : phase II. |
| 500 | |a« La présente étude a été effectuée conformément au contrat de recherche 36100-0-7365 entre le ministère des Communications (MDC) pour le Canada et l'Université du Nouveau-Brunswick (UNS). » |
| 504 | |aComprend des références bibliographiques. |
| 650 | 6|aRadio|xNormes|zCanada. |
| 650 | 6|aRadio|xPolitique gouvernementale|zCanada. |
| 710 | 1 |aCanada. |bMinistère des communications, |eorganisme de publication. |
| 775 | 08|tMandatory radio standards in Canada : |w(CaOODSP)9.938874 |
| 856 | 40|qPDF|s2.79 Mo|uhttps://publications.gc.ca/collections/collection_2024/isde-ised/co22/Co22-700-2-1991-fra.pdf |